Statistics for NBA Players Puzzle Map Quiz

Click here to take the quiz!

General Stats

  • This quiz has been taken 25 times
  • The average score is 8 of 28

Answer Stats

Answer % Correct
Tim Duncan
62%
Larry Bird
54%
Magic Johnson
46%
Willis Reed
46%
Al Jefferson
46%
Carmelo Anthony
46%
Shaquille O'Neal
38%
Scottie Pippen
38%
Michael Jordan
38%
LeBron James
38%
Steve Nash
31%
Kareem Abdul-Jabbar
31%
Jermaine O'Neal
31%
Grant Hill
31%
Ray Allen
31%
Rolando Blackman
23%
Baron Davis
23%
Wilt Chamberlain
23%
Sam Cassell
23%
Pau Gasol
15%
Jamaal Wilkes
15%
Hakeem Olajuwon
15%
Moses Malone
15%
Dwight Howard
15%
Oscar Robertson
15%
Larry Nance
15%
Charles Barkley
15%
Kyle Lowry
8%

Score Distribution

Percentile by Number Answered

Percent of People with Each Score

Your Score History

You have not taken this quiz